000 00554nam a22002057a 4500
003 BUBTL
008 221124b ||||| |||| 00| 0 eng d
020 _a9788184000139
082 _a823/ D4511i/ 2007
100 _94972
_aDesai, Anita
245 _aIn Custody :
_bAnita Desai
250 _a1st Edn
260 _aIndia
_bRandom House India
_cc2007
300 _a[xi],233p. :
_b20 cm
650 0 _9194
_aEnglish Language
700 _94972
_aDesai, Anita
856 _k0
_l0
_yDownload
942 _2ddc
_cBK
999 _c6833
_d6833